| 000 | 00704nam a2200229 a 4500 | ||
|---|---|---|---|
| 001 | BRCA_2699 | ||
| 005 | 20190320203929.0 | ||
| 008 | 021208s1957----nyua---###---#000-0#eng-u | ||
| 041 | _aeng | ||
| 044 | _anyu | ||
| 050 | 4 |
_aNK4660 _b.F76 1957 |
|
| 100 | 1 |
_aFrothingham, Alice Wilson _97642 |
|
| 245 | 1 | 0 |
_aAlcora Statuettes after Bronzes by Giovanni Bologna _cby Alice Wilson Frothingham. |
| 260 |
_aNew York _bThe Hispanic Society of America _c1957 |
||
| 300 |
_ap. 59-63 _bil. _c31 cm. |
||
| 500 | _aReimpreso de ´The Connoisseur´, marzo 1957 | ||
| 500 | _aAA49 | ||
| 600 | 1 | 4 |
_aBologna, Giovanni _d1529-1608 _97643 |
| 650 | 1 | 4 |
_aCerámica _zAlcora, España _97257 |
| 902 | _aGFM | ||
| 942 |
_2lcc _cB |
||
| 999 |
_c2439 _d2439 |
||